000 00341nam a2200133Ia 4500
008 240624s9999 xx 000 0 und d
041 _aeng
082 _a658.15 PHI
100 _aPHILLIPS ROBERT
245 _aPRICING AND REVENUE OPTIMIZATION
260 _c2005
_aCalifornia
_bStanfor University Press
300 _a368 : p.
365 _c
_b15
999 _c14777
_d14777